Genetical and physiological studies in interspecific wheat crosses.

Bibliographic Details
Main Author: Granhall, Ingvar, 1906-
Format: Thesis Book
Language:English
Published: Lund : Berlingska boktr, 1943.
Subjects:

MARC

Tag First Indicator Second Indicator Subfields
LEADER 00000cam a2200000 4500
001 in00000046913
005 20151007075500.0
008 800613r1943 sw a b 00000 eng
010 |a  49035974  
035 |a (OCoLC)06418808 
035 |9 AAF3288AM 
040 |a DLC  |c TXA  |d UtOrBLW 
049 |a TXAM  |c [159520] 
050 0 |a SB191.W5  |b G7 
082 0 |a 633.11 
092 |a 633.11  |b G758g 
100 1 |a Granhall, Ingvar,  |d 1906- 
245 1 0 |a Genetical and physiological studies in interspecific wheat crosses. 
264 1 |a Lund :  |b Berlingska boktr,  |c 1943. 
300 |a 270-380 pages :  |b illustrations ;  |c 25 cm. 
336 |a text  |b txt  |2 rdacontent 
337 |a unmediated  |b n  |2 rdamedia 
338 |a volume  |b nc  |2 rdacarrier 
500 |a Cover title 
500 |a Title page, with thesis statement, inserted. 
500 |a "[Reprinted from] Hereditas XXIX." 
502 |c Lund. 
504 |a "Literature cited": pages 373-380. 
650 0 |a Wheat. 
650 0 |a Plants  |x Frost resistance. 
740 0 |a Interspecific wheat crosses. 
999 |a MARS 
999 f f |s 27de74a8-2e30-3e3d-bbad-89c0ca0754d9  |i c0050c8d-7686-3928-9480-dd91cc013c30  |t 0 
952 f f |p ric  |a Texas A&M University  |b Rellis Campus  |c Joint Library Facility  |d Remote Storage  |t 0  |e SB191.W5 G7  |h Library of Congress classification  |i unmediated -- volume  |m A14801072413 
998 f f |a SB191.W5 G7  |t 0  |l Remote Storage